Statistics for Top 10 most Hated Countries

Click here to take the quiz!

General Stats

  • This quiz has been taken 195 times
    (137 since last reset)
  • The average score is 10 of 10

Answer Stats

Answer% Correct
5.|China
98%
2.|USA
97%
4.|Israel
97%
6.|UK
97%
7.|India
97%
9.|Turkey
97%
1.|North Korea
96%
10.|Saudi Arabia
95%
3.|Russia
95%
8.|Iran
93%

Score Distribution

Percentile by Number Answered

Percent of People with Each Score

Your Score History

You have not taken this quiz since the last reset